00402 a2200121 4500001000900000005001700009008004100026245009600067100002100163700002400184773005500208999001700263ART_779020260410161638.0260409a 10aVicisitudes tributarias de las empresas unipersonales y sociedades de hecho (Primera parte)1 aLorenzo, Armando1 aCavalli, César M.0 tConsultor tributariog- Nº 10 (dic. 2007)wREV474 c13038d13038